Programa de adiestramiento para los técnicos latinoamericanos en : (Registro nro. 12493)

Detalles MARC
000 -LEADER
longitud fija campo de control 01495nam a22002777a 4500
003 - IDENTIFICADOR DE NUMERO DE CONTROL
control del campo AR-RoUNA
005 - FECHA DE LA ULTIMA MODIFICACION
control del campo 20260623125133.0
008 - CAMPO DE CONTROL - LIBROS
longitud fija campo de control 260623b |||||||| |||| 00| 0 spa d
040 ## - ORIGEN DE LA CATALOGACION
Agencia que cataloga la obra original AR-RoUNA
Idioma en que se cataloga spa
Entidad que modifico el registro AR-RoUNA
041 ## - CODIGO DE IDIOMA
Codigo de idioma del texto / sonido o titulo separado spa
Codigo de idioma de la traduccion original y / o intermedios de texto spa
044 ## - CODIGO DE PAIS / ENTIDAD PRODUCTORA
Codigo MARC del pais ag
110 ## - ASIENTO PRINCIPAL - AUTOR INSTITUCIONAL
Nombre corporativo o de jurisdiccion como elemento de entrada CAPFC - USAID
9 (RLIN) 27793
245 10 - TITULO PROPIAMENTE DICHO
Titulo Programa de adiestramiento para los técnicos latinoamericanos en :
Subtitulo CAPFCE - USAID. construcciones escolares /
Mencion de responsabilidad, etc CAPFCE - USAID
260 ## - EDITORIAL - PUBLICACION, DISTRIBUCION, ETC. (Pie de imprenta)
Lugar de publicacion, distribucion, etc México, D.F :
Nombre del editor, distribuidor, etc CAPFCE,
Fecha de publicacion 1964
300 ## - DESCRIPCION FISICA
Extension s.p.:
Otros detalles fisicos fot. byn.,
Dimensiones 17x30 cm
520 3# - NOTA DE RESUMEN
Nota de resumen, etc. El Comité Administrador del Programa Federal de Construcción de Escuelas, fue creado en 1944 por el entonces presidente de la República Manuel Ávila Camacho como parte de un gran programa de obras públicas para dar respuesta a la creciente demanda de planteles educativos que había en el país aquella época. La creación de este organismo requirió de los servicios coordinados de arquitectos, médicos, “higienistas”, economistas, pedagogos y “financieros” quienes trabajaron de manera conjunta y aportaron sus conocimientos para formular un planteamiento veraz del problema y buscarle al mismo tiempo, una solución adecuada.
650 #4 - MATERIA - TERMINO TEMATICO
Término temático general Programas
General subdivision Administración
650 #4 - MATERIA - TERMINO TEMATICO
Término temático general Proyectos
650 #4 - MATERIA - TERMINO TEMATICO
Término temático general Obras públicas
650 #4 - MATERIA - TERMINO TEMATICO
Término temático general Construcción escolares
908 ## - SOPORTE
Soporte Imp
930 ## - ACCESION
Numero de accesion (NR) 12355
942 ## - FUENTE DE CLASIFICACION
Clasificacion Dewey Decimal Classification
Tipo de item Libro
945 ## - INFORMACION DE PROCESAMIENTO
Codigo del operador MIA
Fecha de ingreso o modificacion 2026-06-23
980 ## - DECLARACIÓN DE EQUIVALENCIA O SERIE DE REFERENCIA CRUZADA - NOMBRE / TÍTULO PERSONAL [LOCAL, CANADÁ]
Código del operador 1
Nombre del operador Maricel Allasia
Código del operador que modifico el registro 1
Nombre del operador que modifico el registro Maricel Allasia
Existencias
Estado retiro Estado perdido Sistema de clasificacion Estado general Restricciones de uso Biblioteca de origen Ubicacion actual Localizacion en estante Fecha de adquisicion Fuente de adquisicion Prestamos totales Signatura y librística Proveedor Numero de ejemplar Tipo de elemento KOHA Nota no publica
Disponible Disponible cdu No dañado Ningun uso de restricciones Arq. Hilarión H. Larguia Arq. Hilarión H. Larguia Sala 23/06/2026 Don   351:727.1 P964 18540 ej. 1 Libro